Cruzada de defensa del honor la dignidad pública (Record no. 9494)

MARC details
000 -LEADER
campo de control de longitud fija 00389nam a2200133Ia 4500
001 - NÚMERO DE CONTROL
campo de control 2903
008 - DATOS DE LONGITUD FIJA--INFORMACIÓN GENERAL
campo de control de longitud fija 241024s9999 xx 000 0 und d
082 ## - NÚMERO DE LA CLASIFICACIÓN DECIMAL DEWEY
Número de clasificación RD/350/IN59c
100 ## - ENTRADA PRINCIPAL--NOMBRE DE PERSONA
Nombre de persona Instituto de Desarrollo y Crédito Cooperativo (IDECOOP)
245 #0 - MENCIÓN DEL TÍTULO
Título Cruzada de defensa del honor la dignidad pública
260 ## - PUBLICACIÓN, DISTRIBUCIÓN, ETC.
Nombre del editor, distribuidor, etc. Amigo del Hogar
Fecha de publicación, distribución, etc. 2013
901 ## - ELEMENTOS DE DATOS A LOCAL LDA (RLIN)
a 13/6/2013 3:00:03 p.m.

No items available.

© 2024. Todos los Derechos Reservados. Desarrollado por IDEICE